000 00656nam a22002417a 4500
003 UA-OsUOA
001 58941
007 ta
008 20090304b un ||||| |||| 00| 0 ukr d
100 _aТюленев -Лисовик Л. П.
090 _a978-966-651-562-2
_bТ98
942 _cBK
040 _aUA-OsUOA
_brus
_cUA-OsUOA
_dUA-OsUOA
245 _aСловарные множества. 1
300 _a444 с.
955 _a2
041 _arus
080 _a978-966-651-562-2
020 _a978-966-561-562-2
260 _aК.
_bФеникс
_c2008
650 7 _a9 Географія. Біографії. Історія
_2UDC
999 _c345023
_d345023